000 00305nam a2200121Ia 4500
005 20251222143304.0
008 251222s9999||||xx |||||||||||||| ||spa||
082 _a730.944/S42
100 _aSerra, Joselita
245 0 _aLa Escultura Gótica en Francia y en Alemania
264 _bViscontea
942 _cLIB
999 _c15453
_d15453